The battle for social security : From FDR's vision to Bush's gamble

This history of the Social Security system by Altman (Chairman of the Board of Directors, Pension Rights Center) can be seen as an antidote to the misinformation billowing out of the Bush White House in its efforts to transform the program. She takes readers from the first glimmerings of the program...

Cur síos iomlán

Đã lưu trong:
Sonraí Bibleagrafaíochta
Príomhúdar: Altman, Nancy J.
Formáid: Leabhar
Teanga:Undetermined
Foilsithe: Hoboken, N.J. J. Wiley 2005
Ábhair:
Clibeanna: Cuir Clib Leis
Gan Chlibeanna, Bí ar an gcéad duine leis an taifead seo a chlibeáil!
Thư viện lưu trữ: Trung tâm Học liệu Trường Đại học Cần Thơ
LEADER 01346nam a2200241Ia 4500
001 CTU_162754
008 210402s9999 xx 000 0 und d
020 |c 32.95 
082 |a 368.4300973 
082 |b A468 
100 |a Altman, Nancy J. 
245 4 |a The battle for social security : 
245 0 |b From FDR's vision to Bush's gamble 
245 0 |c Nancy J. Altman 
260 |a Hoboken, N.J. 
260 |b J. Wiley 
260 |c 2005 
520 |a This history of the Social Security system by Altman (Chairman of the Board of Directors, Pension Rights Center) can be seen as an antidote to the misinformation billowing out of the Bush White House in its efforts to transform the program. She takes readers from the first glimmerings of the program in the minds of the policy makers to the current debates over whether it is going bankrupt. Along the way, she details how opponents of the system, including George W. Bush's father and grandfather, having used arguments remarkably similar to those heard today in order to weaken or eliminate the program. She also offers her own advice on how the program can be strengthened in line with the program's original philosophy. 
650 |a Social security 
650 |x History 
650 |z United States 
904 |i Giang 
980 |a Trung tâm Học liệu Trường Đại học Cần Thơ